00598nam a2200217Ia 450000500170000000800410001702000150005808200190007310000160009224500370010826000380014530000180018365000140020165000130021565000120022865000140024065000120025494200060026695200950027299900130036720250317073126.0240331s9999 xx 000 0 und d a053412738X a301bFER24083 aFerrante, J 0aSociology:bA Global Perspective aCalifornia,bWadsworth Inc.c1992 axxiv, 534 p., aEducation aReligion aCulture aSociology aSociety cL 001040708LaWERCLbWERCLcSSCd2024-03-31l0o 301 FERp4083r2024-03-31w2024-03-31yL c999d999